|
|
|
|
| LEADER |
00000nab a2200000 ar4500 |
| 001 |
vtls011532822 |
| 003 |
SK-MaSNL |
| 005 |
20260304220340.0 |
| 008 |
180406c 2014xo mr|p|||||||000 b|slo |
| 038 |
|
|
|a SNSK
|
| 040 |
|
|
|b slo
|c SNSK
|e AACR2
|
| 041 |
|
|
|a slo
|
| 044 |
|
|
|a xo
|c SK
|
| 080 |
|
|
|a 904
|x (437.672)
|2 2001
|
| 080 |
|
|
|a 673.5
|x (437.6)
|2 2001
|
| 080 |
|
|
|a 355.01
|x (100)
|x "1914/1918
|2 2001
|
| 100 |
1 |
|
|a Cziel, Igor
|4 aut
|9 1088442
|
| 245 |
1 |
0 |
|a Pamätný zvon padlých vojakov 1914-1918
|b (100 rokov od vypuknutia veľkej vojny)
|c Igor Cziel
|
| 300 |
|
|
|b Fotogr.
|
| 648 |
|
7 |
|a 1914-1918
|2 snsk
|9 289143
|
| 650 |
0 |
7 |
|a zvony
|2 snsk
|9 1956
|
| 650 |
0 |
7 |
|a historické pamiatky
|2 snsk
|9 75346
|
| 650 |
0 |
7 |
|a dejiny
|2 snsk
|9 3825
|
| 650 |
0 |
7 |
|a prvá svetová vojna (1914-1918)
|2 snsk
|9 162650
|
| 651 |
|
7 |
|a Gelnica (Slovensko)
|2 snsk
|9 16801
|
| 773 |
0 |
|
|t Gelničan : dvojmesačník občanov Gelnice
|g Č. 7/8 (júl - august 2014), s. 13
|x 1335-3284
|
| 852 |
|
|
|a SNSK
|b KIS3GCP
|
| 999 |
|
|
|c 3151621
|d 3153551
|